Overwatch Maps - Statistics

General Stats
  • This quiz has been taken 2,089 times
    1,446 since last reset
  • The average score is 10 of 26
Answer Stats
Map Type Map % Correct
Hybrid King's Row
67%
Assault Hanamura
66%
Hybrid Numbani
60%
Control Nepal
57%
Escort Route 66
56%
Assault Temple of Anubis
54%
Escort Junkertown
53%
Escort Dorado
52%
Control Ilios
52%
Hybrid Eichenwalde
48%
Assault Volskaya Industries
48%
Control Oasis
45%
Hybrid Blizzardworld
43%
Assault Horizon Lunar Colony
40%
Hybrid Hollywood
39%
Control Lijiang Tower
39%
Escort Watchpoint: Gibraltar
39%
Arena Black Forest
28%
Arena Ecopoint: Antarctica
24%
Arena Castillo
21%
Arena Necropolis
18%
Training Practice Range
16%
Capture the Flag Ayutthaya
15%
Arena Chateau Guillard
14%
Lúcio Ball Estádio Das Rãs
3%
Lúcio Ball Sydney Harbour Arena
2%
No matching quizzes found
Score Distribution
Percent of People with Each Score
Percentile by Number Answered
Your Score History
You have not taken this quiz since the last reset